Emergency Nursing Secrets (Record no. 153047)

MARC details
000 -LEADER
fixed length control field 00410nam a2200145Ia 4500
008 - FIXED-LENGTH DATA ELEMENTS--GENERAL INFORMATION
fixed length control field 230411s9999 xx 000 0 und d
020 ## - INTERNATIONAL STANDARD BOOK NUMBER
International Standard Book Number 1-56053-450-8
041 ## - LANGUAGE CODE
Language code of text/sound track or separate title eng
082 ## - DEWEY DECIMAL CLASSIFICATION NUMBER
Classification number S/610.73677/OMA/KOZ/B01806
100 ## - MAIN ENTRY--PERSONAL NAME
Personal name Linda Oman Kathleen & Koziol Jane
9 (RLIN) 177018
245 ## - TITLE STATEMENT
Title Emergency Nursing Secrets
260 ## - PUBLICATION, DISTRIBUTION, ETC. (IMPRINT)
Name of publisher, distributor, etc. Hanley and Belfus
Place of publication, distribution, etc. Philadelphia
Date of publication, distribution, etc. 2001
300 ## - PHYSICAL DESCRIPTION
Extent 272p
Holdings
Withdrawn status Lost status Damaged status Not for loan Collection code Home library Current library Date acquired Vendor Cost, normal purchase price Bill number Total Checkouts Full call number Barcode Date last seen Cost, replacement price Bill Date Koha item type Original Barcode
          Smt. Bakul Tambat Institute of Nursing Education Smt. Bakul Tambat Institute of Nursing Education 10/07/2004 B.J.Medical Co-oprative College Stores 400.00 591   S 610.73677 OMA KOZ B01806 BTIN-BK-1806 11/04/2023 300.00 10/07/2004 Books B01806